| 000 | 01055cam a22002654a 4500 | ||
|---|---|---|---|
| 001 | 14276826 | ||
| 005 | 20241108174801.0 | ||
| 008 | 060224s2007 ohua b 000 0 eng | ||
| 020 | _a032436010X | ||
| 020 | _a9780324360103 | ||
| 050 | 0 | 0 |
_aHD58.7 _b.B35 2007 |
| 100 | 1 | _aBaker, H. Eugene. | |
| 245 | 1 | 0 |
_aExperiential exercises in organization theory & design / _cH. Eugene Baker III, Steven K. Paulson. |
| 250 | _a2nd ed. | ||
| 260 |
_aMason, OH : _bThomson South-Western, _cc2007. |
||
| 300 |
_avi, 218 p. : _bill. ; _c26 cm. |
||
| 650 | 0 | _aOrganizational behavior. | |
| 650 | 0 |
_aOrganizational behavior _vProblems, exercises, etc. |
|
| 650 | 0 | _aExperiential learning. | |
| 700 | 1 | _aPaulson, Steven K. | |
| 856 | 4 | 1 |
_3Table of contents only _uhttp://www.loc.gov/catdir/toc/fy0612/2006922959.html |
| 856 | 4 | 2 |
_3Publisher description _uhttp://www.loc.gov/catdir/enhancements/fy1215/2006922959-d.html |
| 856 | 4 | 2 |
_3Contributor biographical information _uhttp://www.loc.gov/catdir/enhancements/fy1302/2006922959-b.html |
| 942 |
_2lcc _cBK _e2nd Ed. _n0 |
||
| 999 |
_c935 _d935 |
||